000
00209nam a22000857a 4500
008
170209b xxu||||| |||| 00| 0 eng d
100
_9
2833
_a
Bharat Scouts
245
_a
Wole Cubs Book
260
_a
New Delhi
_b
BS
_c
2008
999
_c
6050
_d
6050